| 000 | 01047cam a2200229 4500 | ||
|---|---|---|---|
| 001 | ABS68326 | ||
| 008 | 041015n2004 000 0 eng u | ||
| 035 | _a(Sirsi) u127716 | ||
| 100 | _aSuen, K. | ||
| 245 | _aBeijing office market - feast or famine? | ||
| 260 | _c2004 | ||
| 490 |
_aSurveyors' Times [Hong Kong Institute of Surveyors] _v13(8) August 2004, 19-21(3) |
||
| 520 | _aOverview of the Beijing office market including current market trends. Looks at the Central Business District, stimulants and obstacles, and future outlook. Concludes that fixed asset investments are likely to decelerate as a result of the government's concern about the overheated economy and mounting non-performing loans. The Beijing office market is likely to remain stable throughout 2004 and will be left to deal with the macroeconomic adjustment. Table. | ||
| 590 | _aABS | ||
| 590 | _aABS | ||
| 650 | _aCHINA | ||
| 650 | _aBEIJING | ||
| 650 | _aOFFICE MARKET | ||
| 650 | _aMARKET TRENDS | ||
| 690 | _aCOMMERCIAL PROPERTY-MARKET | ||
| 942 | _n0 | ||
| 999 |
_c118170 _d118170 |
||